Management of Non-Pitted White Spot Lesions on Young Permanent Incisor (Record no. 23901)

MARC details
000 -LEADER
fixed length control field 00471nam a22001817a 4500
003 - CONTROL NUMBER IDENTIFIER
control field SGT
020 ## - INTERNATIONAL STANDARD BOOK NUMBER
International Standard Book Number 9786206153009
082 ## - DEWEY DECIMAL CLASSIFICATION NUMBER
Classification number 617.645
Item number M23V
100 ## - MAIN ENTRY--PERSONAL NAME
Personal name Vaid, Parika
245 ## - TITLE STATEMENT
Title Management of Non-Pitted White Spot Lesions on Young Permanent Incisor
260 ## - PUBLICATION, DISTRIBUTION, ETC. (IMPRINT)
Name of publisher, distributor, etc Lambert Academic Publishing
Year of Publication 2023
300 ## - PAGE DESCRIPTION
No. of Pages 109
650 ## - SUBJECT ADDED ENTRY--TOPICAL TERM
Topical term or geographic name as entry element Pediatric Dentistry
653 ## - KEYWORDS--INDEX TERM
Keyword term Pediatric Dentistry
700 ## - ADDED ENTRY--PERSONAL NAME
Personal name Gupta, Anil
700 ## - ADDED ENTRY--PERSONAL NAME
Personal name Dogra, Shikha
942 ## - ADDED ENTRY ELEMENTS (KOHA)
Source of classification or shelving scheme Dewey Decimal Classification
Koha item type Books
Holdings
Withdrawn status Lost status Source of classification or shelving scheme Damaged status Use restrictions Not for loan Home library Current library Date acquired SGTU Total Checkouts Full call number Accession No. (Barcode) Date last seen Bill Date Koha item type
    Dewey Decimal Classification   Restricted Access Not For Loan SGT Dental Library SGT Dental Library 01/05/2023 SGTU   617.645 M23V FD8975 01/05/2023 01/05/2023 Books